000 00567nam a2200181 i 4500
001 147282
003 ES-MaACL
005 20230906201917.0
007 t|
008 070925s1956 sp ||||1| spa d
100 1 _aUgalde, Rafael.
_9111884
245 1 0 _aImpuesto del timbre sobre el tráfico mercantil /
_cRafael Ugalde, Juan Larrinaga.
260 _a[Bilbao :
_bs.n.],
_c1956 (
_fGráf. Ellacuria)
300 _a473 p. ;
_c21 cm.
650 _aTimbre (Impuesto)-
_zEspaña.
_9161971
700 1 _aLarrinaga, Juan.
_970352
852 _aES-MaACL
_jC-11329
_bR.39418
999 _c147282
_d147282